Союз Советских Социалистических Республик: Изостатический альбом, иллюстрирующий государственное устройство и народное хозяйство СССР

গ্রন্থ-পঞ্জীর বিবরন
সংস্থা লেখক: Научно-издательский институт изобразительной статистики
ভাষা:রুশ
ইংরেজি
প্রকাশিত: Москва, Изд-во научно-издательского ин-та изобразительной статистики, 1939
বিষয়গুলি:
বিন্যাস: গ্রন্থ
KOHA link:https://koha.lib.tpu.ru/cgi-bin/koha/opac-detail.pl?biblionumber=198665

MARC

LEADER 00000nam0a2200000 4500
001 198665
005 20231101224831.0
035 |a (RuTPU)RU\TPU\book\216677 
090 |a 198665 
100 |a 20110705d19-- km y0rusy50 ca 
101 0 |a rus  |a eng 
102 |a RU 
105 |a a z 000zy 
200 1 |a Союз Советских Социалистических Республик  |e Изостатический альбом, иллюстрирующий государственное устройство и народное хозяйство СССР  |d The Union of Soviet Socialist Republics  |f Научно-издательский институт изобразительной статистики 
210 |a Москва  |c Изд-во научно-издательского ин-та изобразительной статистики  |d 1939 
215 |a 140 с.  |c ил. 
510 1 |a The Union of Soviet Socialist Republics  |z eng 
610 1 |a СССР 
610 1 |a право 
610 1 |a государственное управление 
610 1 |a государственное устройство 
610 1 |a экономическое положение 
610 1 |a политическое положение 
610 1 |a история 
610 1 |a 20 век 
610 1 |a альбомы 
610 1 |a иллюстративный материал 
686 |a Х620  |2 rubbk 
686 |a У9(2)0  |2 rubbk 
712 0 2 |a Научно-издательский институт изобразительной статистики  |2 stltpush  |3 (RuTPU)RU\TPU\col\17517  |9 26666 
801 2 |a RU  |b 63413507  |c 20221107  |g RCR 
942 |c BK